L'Eredità - Ghigliottina #7 - Statistics

Statistiche generali
  • Questo quiz è stato fatto 62 volte
  • Il punteggio medio è 3 su 5
Statistiche sulle risposte
Risposta % Corretto
La risposta è Gas Nobile: i gas nobili sono gli elementi dell’ultima colonna della tavola periodica. Intestino: i gas intestinali. Neon: il neon è un gas. Dare: dall’espressione “dare gas”. Fossile: il gas naturale è un combustibile fossile.
83%
La risposta è Accento Grave: un accento può essere grave. Francese: il caratteristico accento francese. Tonico: l'accento tonico è l'elevazione del tono della voce nella pronuncia di una sillaba. Porre: dall’espressione “porre l’accento”. Calabrese: il caratteristico accento calabrese.
71%
La risposta è Onda Particella: dal dualismo onda-particella. Lunghezza: la lunghezza d'onda è la distanza tra due creste o fra due ventri di un’onda. Mare: a mare ci sono le onde. Verde: l’onda verde è una tipologia di semafori sincronizzati. Ampiezza: l’ampiezza di un’onda è la differenza tra il valore massimo e il valore di equilibrio.
56%
La risposta è Toro Ciambella: il toro è una figura geometrica a forma di ciambella. Calcio: “il Toro” è il soprannome del Torino Football Club. Rosso: secondo una popolare diceria, il rosso attrarrebbe i tori. Corna: dal detto “prendere il toro per le corna”. Segno: il toro è un segno zodiacale.
52%
La risposta è Fuoco Amico: il fuoco amico è una situazione in cui si rischia di essere colpiti dai propri alleati. Blu: il fuoco fatuo è un fuoco di colore blu. Fare: fare fuoco significa sparare. Mettere: mettere a fuoco è un espressione usata in ambito fotografico. Elmo: il fuoco di S. Elmo è un fenomeno elettrico.
15%
Nessun quiz corrispondente trovato
Distribuzione punteggi
Percentuale di utenti per punteggio
Percentile per numero di risposta
I tuoi punteggi nel tempo
Non hai fatto questo quiz